000 01038nam a2200265Ia 4500
003 OSt
005 20221005105436.0
006 a|||||r|||| 00| 0
007 ta
008 221004b |||||||| |||| 00| 0 hin d
020 _a9788177831577 (hbk)
_c300
024 _a101994
037 _b381, 04/03/2010, Swaraj Prakashan
_cTextual
040 _aCRL
_cCRL
_bhin
041 _2hin
_ahin
082 _aO113,2L49,1, 152P9
100 _aगोएठे, योहन वोल्फ़गांग फ़ॉन
_9623908
245 0 _aफ़ाउस्ट
246 _aफ़āusṭa
260 _aनई दिल्ली
_bप्रवीण प्रकाशन भारत
_c2009
300 _a216पृ0
_ccm.
700 _a खरे, विष्णु, संपा.
942 _hO113,2L49,1, 152P9
_cTEXL
_2cc
999 _c1015825
_d1015825